SSO - StarStable Online - Statistiques

Statistiques générales
  • Ce quiz a été pris 37 fois
  • Le résultat moyen est 6 sur 10
Statistiques - réponses
Hint Réponse % Correct
Nom du pays où se déroule l'histoire Jorvik
88%
Monnaie Shilling
88%
Nom de la première écurie Moorland
85%
Jour des Star Coins Samedi
85%
Pays de provenance du jeu Suède
69%
Date de création 2010
62%
Nom de la région magique Pandoria
35%
Région débloquée à partir du niveau 16 Golden
19%
Que permet d'être Star Rider ? Sauter
12%
Premier cheval articulé Quarter-Horse
8%
Aucun quiz correspondant
Distribution des résultats
% des personnes avec chaque résultat
Percentile par nombre de réponses
Votre historique - résultats
Vous n’avez pas pris ce quiz